00390nam a2200157Ia 4500003000400000005001700004008004100021020001800062040000600080041001200086082002100098100002000119245004200139260003900181300001200220OSt20250120142215.0231217s9999 xx 000 0 und d a9780760050446 c0 aEnglish a001.6424C FAR;4 aFarrell, Joyce. 0aObject oriented programming using C++ c1998bCource TechnologyaCambridge axv, 400